Сорбционные и хроматографические процессы. Т. 21, № 1: По материалам Всероссийского интернет-симпозиума с международным участием "Химически модифицированные минералы и биополимеры в XXI веке", CHEMOPOLYS (Запись № 12282580)

Подробности
000 -МАРКЕР
контрольное поле 01513nam2a2200217 4500
001 - ИДЕНТИФИКАТОР ЗАПИСИ
контрольное поле RU\NLR\BIBL_A\012514437
005 - ИДЕНТИФИКАТОР ВЕРСИИ
контрольное поле 20250624054300.0
035 ## - ДРУГИЕ СИСТЕМНЫЕ НОМЕРА
Идентификатор записи (NLR Aleph) 012514437
100 ## - ДАННЫЕ ОБЩЕЙ ОБРАБОТКИ
Данные общей обработки 20210430d2021 |||y0rusy50 ca
101 0# - ЯЗЫК РЕСУРСА
Язык текста, звукозаписи и т.д. русский
102 ## - СТРАНА ПУБЛИКАЦИИ ИЛИ ПРОИЗВОДСТВА
Страна публикации Российская Федерация
200 1# - ЗАГЛАВИЕ И СВЕДЕНИЯ ОБ ОТВЕТСТВЕННОСТИ
Основное заглавие По материалам Всероссийского интернет-симпозиума с международным участием "Химически модифицированные минералы и биополимеры в XXI веке", CHEMOPOLYS
210 ## - ПУБЛИКАЦИЯ, РАСПРОСТРАНЕНИЕ И ДР.
Дата издания, распространения и т.д. 2021
Место издания, распространения и т.д. Б. м.
461 #0 - УРОВЕНЬ НАБОРА
Встроенное поле 001RU\NLR\INFOCOMM31\5000021354
-- 2001#$aСорбционные и хроматографические процессы$fНауч. совет по адсорбции и хроматографии РАН, Воронеж. гос. ун-т$vТ. 21, № 1
Системный номер (АБИС) связанной записи 4498507
Место публикации [Воронеж]
Дата публикации 2001-
Первые сведения об ответственности Науч. совет по адсорбции и хроматографии РАН, Воронеж. гос. ун-т
Имя издателя, распространителя и т.д. Б. и.
Заглавие Сорбционные и хроматографические процессы
ISSN 1680-0613
Номер тома Т. 21, № 1
710 12 - НАИМЕНОВАНИЕ ОРГАНИЗАЦИИ - ПЕРВИЧНАЯ ОТВЕТСТВЕННОСТЬ
Начальный элемент ввода "Химически модифицированные минералы и биополимеры в XXI веке", всероссийский интернет-симпозиум с международным участием
Место проведения временной организации Воронеж
Дата проведения временной организации 2020
Системный номер авторитетной/нормативной записи 748578
Идентификатор авторитетной/нормативной записи RU\NLR\AUTH\880542152
852 ## - МЕСТОНАХОЖДЕНИЕ И ШИФР ХРАНЕНИЯ
Идентификатор организации NLR
Шифр хранения (Call Number) П8/1547
942 ## - ДОПОЛНИТЕЛЬНЫЕ ЭЛЕМЕНТЫ ЗАПИСИ (АБИС)
Тип экземпляра АБИС Выпуск
980 ## - КОЛЛЕКЦИЯ
Название коллекции Национальная библиография
980 ## - КОЛЛЕКЦИЯ
Название коллекции Русская периодика

Нет доступных экземпляров.